Chinatown Číňania u nás predávajú textil, ale aj učia na univerzitách

Bibliographic Details
Main Author: Čavojská, Jana (Author)
Format: Article
Language:Slovak
PhysicalDescription:Fotogr.
ISSN:1210-4040
Subjects:
Online Access:http://plus7dni.pluska.sk/plus7dni/vsimli-sme-si/chinatown.html

MARC

LEADER 00000nab a2200000 a 4500
001 vtls010304204
003 SK-MaSNL
005 20260426072340.0
008 110817c2011 xo wrzp 0 0slo
015 |a SNBRB2011/08  |2 rvgkpd 
038 |a RVGKPD 
040 |a RVGKPD  |b slo  |c RVGKPD  |e AACR2 
041 0 |a slo 
044 |a xo  |c SK 
080 |a 314.74:323.1  |x (437.6)  |2 1997 
080 |a 323.15  |x (=581)  |x (437.6)  |2 1997 
100 1 |a Čavojská, Jana  |4 aut  |9 339651 
245 1 0 |a Chinatown  |b Číňania u nás predávajú textil, ale aj učia na univerzitách  |c Jana Čavojská 
246 3 |a Slovenskej gramatike však nevedia prísť na chuť 
300 |b Fotogr. 
650 0 7 |a Číňania  |z Slovensko  |2 rvgkpd  |9 1285792 
650 0 7 |a imigranti  |2 rvgkpd  |9 994 
651 7 |a Slovensko  |2 rvgkpd  |9 14231 
773 0 |t Plus 7 dní  |g Roč. XX, č. 31 (2011), s. 38-41  |x 1210-4040 
852 |a RVGKPD  |b KIS3G 
856 4 1 |u http://plus7dni.pluska.sk/plus7dni/vsimli-sme-si/chinatown.html 
958 |a SK 
992 |a RBX 
999 |c 2687696  |d 2689626